000
00274nam a22001217a 4500
082
_a
001
_b
KRI/W
100
_a
KRISHNAN, MADHULATHA
245
_a
WONDERS OF THE WORLD
260
_a
BANGALORE
_b
VASAN PUBLICATIONS
300
_a
116
650
_a
WONDERS
_z
BANGALORE
942
_c
BK
999
_c
6350
_d
6350